00385cam a2200157ua 45000010005000000080039000050400009000440410008000530820010000611000026000712450053000972500009001502600029001593000010001886530029001989028150220n ii |||gr||||Z||||||asm cMAIN aasm a294.5 aLekharu, U.,eEditor.1 aKotha-gurucharitcEdited by Umeshchandra Lekharu a1st. aGuwahati:bDutta,c1987. a652p. aReligions ofIndic origin